روايات جورجي زيدان / (Record no. 6814)
[ view plain ]
| 000 -الفاتح | |
|---|---|
| حقل البيانات ثابتة الطول | 01467nac a22002771i 4500 |
| 003 - محدد رقم الضبط | |
| رقم الضبط | EG-ScBUE |
| 005 - وقت وتاريخ اخر تعامل مع التسجيلة | |
| رقم الضبط | 20231030105049.0 |
| 008 - عناصر البيانات ثابتة الطول - معلومات عامة | |
| حقل البيانات ثابتة الطول | 110331s1949 ua f 000 jf ara d |
| 040 ## - مصدر الفهرسة | |
| وكالة الفهرسة الأصلية | EG-ScBUE |
| لغة الفهرسة | ara |
| قواعد الوصف | rda |
| وكالة النسخ | EG-ScBUE |
| وكالة التعديل | EG-ScBUE |
| 082 04 - رقم تصنيف ديوى العشرى | |
| رقم التصنيف | 892.735 |
| رقم المادة | ز ي د |
| رقم الطبعة | 22 |
| 100 1# - المدخل الرئيسى - إسم شخصى | |
| الإسم الشخصى | زيدان، جرجي، |
| التواريخ المصاحبة للاسم | 1861-1914، |
| الدور | مؤلف. |
| 9 (RLIN) | 15047 |
| 245 10 - بيان العنوان | |
| العنوان | روايات جورجي زيدان / |
| بيان المسئوليه,etc | جورجي زيدان. |
| 264 #1 - النشر، التوزيع | |
| مكان الناشر او الموزع | القاهرة : |
| اسم الناشر او الموزع | دار الهلال، |
| تاريخ النشر أو التوزيع | 1949. |
| 300 ## - الوصف المادى | |
| التعداد | 4 مجلدات ؛ |
| أبعاد الوعاء | 18 سم. |
| 336 ## - نوع المحتوى | |
| source | rdacontent |
| Carrier Type Term | نص |
| Content Type Code | txt |
| 337 ## - نوع الوسيط | |
| source | rdamedia |
| Media Type Term | بدون وسيط |
| Media Type Code | n |
| 338 ## - نوع الحامل أو الناقل | |
| source | rdacarrier |
| Carrier Type Term | مجلد |
| Carrier Type Code | nc |
| 490 0# - بيان السلسلة | |
| عنوان السلسلة | روايات الهلال |
| 505 ## - تبصرة محتويات-الفهرس | |
| تبصرة المحتويات المصاغة | ر17 رمضان - الحجاج بن يوسف - غادة كربلاء - شارل وعبد الرحمن - أبو مسلم الخراساني -- 11-14 ،العباسة أخت الرشيد - الأمين والمأمون - عروس فرعانة- أحمد بن طولون-- 15-18، عبد الرحمن الناصر - فتاة القيروان - فتاة غسان ،6-10 - - أرمانوسة المصرية - عذراء قريش - شجرة الدر - فتح الأندلس - صلاح الدين ومكايد الحشاشين ،1-5 |
| 650 #7 - المدخل الاضافى بالموضوع-مصطلح موضوعى | |
| مصطلح موضوعي أو اسم جغرافي كعنصر مدخل | القصص العربية |
| التقسيم الفرعي الزمني | قرن 20. |
| مصدر الرأس أو المصطلح | BUEsh |
| 9 (RLIN) | 8441 |
| 650 #7 - المدخل الاضافى بالموضوع-مصطلح موضوعى | |
| مصطلح موضوعي أو اسم جغرافي كعنصر مدخل | القصص التاريخية. |
| التقسيم الفرعي الزمني | قرن 20. |
| مصدر الرأس أو المصطلح | BUEsh |
| 9 (RLIN) | 13711 |
| 651 ## - المدخل الاضافى بالموضوع - اسم جغرافى | |
| مصدر الرأس أو المصطلح | BUEsh |
| 653 ## - مصطلح تكشيفى غير مقيد | |
| Resource For college | Arabic Literature |
| Arrived date list | January2021 |
| 655 ## - مصطلح تكشيفى-نوع/شكل | |
| التقسيم الفرعي الشكلي | Reading book |
| 942 ## - عناصر المدخل الإضافي( كوها) | |
| Koha [default] item type | Book - Borrowing |
| مصدر التصنيف او مخطط الترفيف | Dewey Decimal Classification |
| حالة التراجع | حالة الفقد | مصدر التصنيف او خطة الترفيف | حالة تلف | ليس للاعارة | مجموعات كوها | المكان الدائم | المكان الحالي | موقع الترفيف | تاريخ الاكتساب | رقم الاستدعاء | الباركود | Date last seen | مُعار | نوع الوعاء | تبصرة عامة |
|---|---|---|---|---|---|---|---|---|---|---|---|---|---|---|---|
| Dewey Decimal Classification | Baccah | Central Library | Central Library | Second Floor | 31/03/2011 | 892.735 ز ي د | 000008445 | 15/07/2025 | 16/07/2017 | Book - Borrowing | 1-5 | ||||
| Dewey Decimal Classification | Baccah | Central Library | Central Library | Second Floor | 31/03/2011 | 892.735 ز ي د | 000008606 | 15/07/2025 | 15/11/2022 | Book - Borrowing | 6-10 | ||||
| Dewey Decimal Classification | Baccah | Central Library | Central Library | Second Floor | 31/03/2011 | 892.735 ز ي د | 000008614 | 15/07/2025 | 23/09/2012 | Book - Borrowing | 11-14 | ||||
| Dewey Decimal Classification | Baccah | Central Library | Central Library | Second Floor | 31/03/2011 | 892.735 ز ي د | 000008613 | 15/07/2025 | Book - Borrowing | 15-18 |